Understanding management critically : (رقم التسجيلة. 35025)

تفاصيل مارك
000 -الفاتح
حقل البيانات ثابتة الطول 00872nam a22002895i 4500
001 - رقم الضبط
رقم الضبط 17811735
003 - محدد رقم الضبط
رقم الضبط OSt
005 - وقت وتاريخ اخر تعامل مع التسجيلة
رقم الضبط 20150408114217.0
008 - عناصر البيانات ثابتة الطول - معلومات عامة
حقل البيانات ثابتة الطول 130715s2014 nyua g 001 0 eng
020 ## - الرقم الدولى المعيارى للكتب
الرقم الدولى المعيارى للكتاب 9780857020802 (hardback)
020 ## - الرقم الدولى المعيارى للكتب
الرقم الدولى المعيارى للكتاب 9780857020819 (pbk.)
040 ## - مصدر الفهرسة
وكالة الفهرسة الأصلية Ma-Un
082 00 - رقم تصنيف ديوى العشرى
رقم الطبعة 22
رقم التصنيف 658.4052
رقم المادة UNM
245 00 - بيان العنوان
العنوان Understanding management critically :
بقية العنوان a Student Text /
بيان المسئوليه,etc Suzette Dyer ... [et al.]
250 ## - بيان الطبعة
بيان الطبعة 1st ed.
260 ## - PUBLICATION, DISTRIBUTION, ETC. (IMPRINT)
مكان الناشر او الموزع Los Angeles ;
-- New York :
اسم الناشر او الموزع SAGE Publications ltd,
تاريخ النشر أو التوزيع 2014
300 ## - الوصف المادى
التعداد xix, 297 p. :
تفاصيل ماديه اخرى للوعاء ill. ;
التعداد 24 cm.
500 ## - تبصرة عامة
تبصرة عامة Includes index.<br/>
650 ## - المدخل الاضافى بالموضوع-مصطلح موضوعى
مصطلح موضوعي أو اسم جغرافي كعنصر مدخل Negotiation in business
9 (RLIN) 4643
650 ## - المدخل الاضافى بالموضوع-مصطلح موضوعى
مصطلح موضوعي أو اسم جغرافي كعنصر مدخل Negotiation
9 (RLIN) 4643
650 ## - المدخل الاضافى بالموضوع-مصطلح موضوعى
مصطلح موضوعي أو اسم جغرافي كعنصر مدخل Decision making
650 ## - المدخل الاضافى بالموضوع-مصطلح موضوعى
مصطلح موضوعي أو اسم جغرافي كعنصر مدخل Conflict management
9 (RLIN) 44994
650 ## - المدخل الاضافى بالموضوع-مصطلح موضوعى
مصطلح موضوعي أو اسم جغرافي كعنصر مدخل Critical theory
9 (RLIN) 44995
700 ## - المدخل الاضافى - اسم شخصى
الإسم الشخصى Dyer, Suzette
9 (RLIN) 44996
942 ## -
-- ddc
-- BOOK
999 ## -
-- 35025
-- 269525
المقتنيات
حالة الفقد نموذج السعر الفعال حالة تلف ليس للاعارة رقم الطلب رقم النسخة تاريخ الاكتساب مصدر التزويد Serial Enumeration / chronology الباركود الفرع الرئيسي Date last seen نوع المادة فى نظام كوها مصدر التصنيف او خطة الترفيف Total Checkouts
  2014-05-14   Not For Loan 658.4052 UNM 1 2014-05-14 دار العرب SRF 00210821 مكتبة كلية العلوم و الدراسات الإنسانية برماح - طالبات (SRF) 2014-05-14 كتاب Dewey Decimal Classification  
  2014-05-14     658.4052 UNM 2 2014-05-14 دار العرب SRF 00210820 مكتبة كلية العلوم و الدراسات الإنسانية برماح - طالبات (SRF) 2014-05-14 كتاب Dewey Decimal Classification  
  2014-05-14   Not For Loan 658.4052 UNM 1 2014-05-14 دار العرب SRM 00210819 مكتبة كلية العلوم و الدراسات الإنسانية برماح - طلاب (SRM) 2014-05-14 كتاب Dewey Decimal Classification  
  2014-05-14     658.4052 UNM 2 2014-05-14 دار العرب SRM 00210818 مكتبة كلية العلوم و الدراسات الإنسانية برماح - طلاب (SRM) 2014-05-14 كتاب Dewey Decimal Classification